000 00311nam a22001457a 4500
008 221114b ||||| |||| 00| 0 eng d
020 _a338593457700230000000008
041 _aeng
080 _a159.9
082 _a159.9
100 _a25
101 _aPSI
245 _aTHINK
_cBLACKBURN S
942 _2udc
_cBK
999 _c58892
_d58892